| 000 | 00919nas a2200313 4500 | ||
|---|---|---|---|
| 001 | BR0104938 | ||
| 003 | BR-BrBNA | ||
| 005 | 20231205102501.0 | ||
| 007 | ta | ||
| 008 | 230509b bl.|||p| |||| 00| 00por d | ||
| 040 |
_aBR-BrBNA _bpor _cBiblioteca Nacional de Agricultura |
||
| 041 | _a(Pt) | ||
| 072 | _aH20 | ||
| 100 | 1 | _aSilva, J.F.V. | |
| 100 | 1 | _aAbdelnoor, R.V. | |
| 100 | 1 | _aCosta, C.L. | |
| 100 | 1 | _aBaia, G.S. | |
| 245 | 1 | _aAnalise de rapd em isolados de Fusarium spp. parasitas de ovos de Heterodera glycines ou de plantas de soja | |
| 650 | _aSoja | ||
| 650 | _aNematoide | ||
| 650 | _aFusariose | ||
| 650 | _aPodridao Vermelha | ||
| 650 | _aMarcador Molecular | ||
| 650 | _aDNA | ||
| 650 | _aEletroforese | ||
| 773 | 0 |
_tFitopatologia Brasileira (Brazil) _xISSN 0100-4158 _g(Sep 2000), v. 25(3) p. 491-496 _wBR0104938 |
|
| 909 |
_a202311 _bLúcia _c55 _dLúcia Elande |
||
| 942 |
_2AGRIS _n0 _cANA |
||
| 999 |
_c167799 _d167799 |
||